[Event "8th Prague Masters 2026"]
[Site "Prague CZE"]
[Date "2026.03.01"]
[Round "5"]
[White "Maghsoodloo,Parham"]
[Black "Keymer,Vincent"]
[Result "1-0"]
[WhiteElo "2708"]
[BlackElo "2776"]
[EventDate "2026.02.24"]

1. e4 e5 2. Nf3 Nc6 3. Bb5 a6 4. Ba4 Nf6 5. O-O Be7 6. Re1 b5 7. Bb3 O-O 8.
a4 b4 9. d3 Rb8 10. Nbd2 Bc5 11. Bc4 d6 12. Nb3 Ba7 13. h3 h6 14. Be3 Bxe3
15. Rxe3 Re8 16. Qd2 d5 17. exd5 Nxd5 18. Re4 Nb6 19. Qe3 Qd6 20. Nfd2 Qg6
21. Qg3 Qd6 22. f4 Bf5 23. Bxa6 Nd5 24. Nc4 Qe6 25. Ree1 Nxf4 26. Bb5 Ng6
27. Qf2 Nge7 28. Nc5 Qf6 29. Rf1 Qg6 30. Rae1 e4 31. Bxc6 Qxc6 32. dxe4 Be6
33. Ne5 Qb6 34. Rd1 f6 35. Ned7 Bxd7 36. Rxd7 Ng6 37. Rd5 Ra8 38. b3 Ra5
39. Rfd1 c6 40. Rf5 Ne7 41. Nd3 Qxf2+ 42. Rxf2 Rd8 43. Rfd2 Rd4 44. Nf2
Rxd2 45. Rxd2 Kf7 46. Nd3 c5 47. Nb2 Ke6 48. Kf2 Ra6 49. Ke3 g5 50. Rd8 h5
51. g3 Rd6 52. Rb8 f5 53. Nd3 fxe4 54. Nxc5+ Kd5 55. Nxe4 1-0

[Event "8th Prague Masters 2026"]
[Site "Prague CZE"]
[Date "2026.03.03"]
[Round "6"]
[White "Van Foreest,Jorden"]
[Black "Navara,D"]
[Result "1/2-1/2"]
[WhiteElo "2705"]
[BlackElo "2628"]
[EventDate "2026.02.24"]

1. d4 Nf6 2. c4 e6 3. Nf3 d5 4. Nc3 Bb4 5. Qb3 c5 6. dxc5 Nc6 7. e3 O-O 8.
Be2 dxc4 9. Qxc4 Qa5 10. O-O Qxc5 11. Qxc5 Bxc5 12. a3 Rd8 13. b4 Be7 14.
Bb2 b6 15. Rfd1 Bb7 16. Nd2 Nd7 17. f4 Nf6 18. Rac1 Rd7 19. Nc4 Rad8 20.
Rxd7 Rxd7 21. Bf3 Nd8 22. Bxb7 Rxb7 23. Kf2 Nd5 24. Nxd5 exd5 25. Nd2 f6
26. Nf3 Kf7 27. Rd1 a5 28. Rxd5 axb4 29. axb4 Ne6 30. Bc3 Rc7 31. Bd2 Rc2
32. Ke1 Rb2 33. Rb5 Bc5 34. Bc3 Rb1+ 35. Kf2 Nc7 36. Nd2 Nxb5 37. Nxb1 Nxc3
38. bxc5 Ne4+ 39. Kf3 Nxc5 40. Nc3 f5 41. g4 g6 42. e4 Nxe4 43. Nxe4 fxe4+
44. Kxe4 Ke6 45. Kd4 h5 46. h3 Kd6 47. f5 gxf5 48. gxh5 Ke6 49. h6 Kf6 50.
h7 Kg7 51. Ke5 Kxh7 52. Kxf5 Kh6 53. Ke5 Kh5 54. Kd5 Kh4 55. Kc6 Kxh3 56.
Kxb6 1/2-1/2

[Event "8th Prague Masters 2026"]
[Site "Prague CZE"]
[Date "2026.03.03"]
[Round "6"]
[White "Yakubboev,Nodirbek"]
[Black "Abdusattorov,Nodirbek"]
[Result "1/2-1/2"]
[WhiteElo "2691"]
[BlackElo "2751"]
[EventDate "2026.02.24"]

1. e4 e5 2. Nf3 Nf6 3. Nxe5 d6 4. Nf3 Nxe4 5. Nc3 Nxc3 6. dxc3 Nc6 7. Be3
Be7 8. Qd2 Bf5 9. O-O-O Qd7 10. Bc4 O-O 11. Rhe1 Rad8 12. h3 a6 13. Bg5
Bxg5 14. Qxg5 Rfe8 15. g4 Be4 16. Nd2 h6 17. Qh5 Bh7 18. f4 Rxe1 19. Rxe1
Kf8 20. Qd5 Re8 21. Rxe8+ Qxe8 22. b4 Nd8 23. Kb2 Qe3 24. f5 g6 25. Ne4
gxf5 26. Nf6 Kg7 27. Nxh7 Qe4 28. Qd3 Kxh7 29. Qf1 Qe5 30. gxf5 Kg7 31. Bd3
a5 32. b5 Kf8 33. Qc1 Qf6 34. Qe3 b6 35. Qe4 Qe7 36. Qa8 Ke8 37. Be4 Kf8
38. Bd3 Ke8 39. Be4 Kf8 40. a4 Kg7 41. Bd3 Kf8 42. Bc4 Kg7 43. Qg2+ Kf8 44.
Qa8 Kg7 45. Bd3 Kf8 46. Be4 Kg7 47. Bd3 1/2-1/2

[Event "8th Prague Masters 2026"]
[Site "Prague CZE"]
[Date "2026.03.03"]
[Round "6"]
[White "Anton Guijarro,D"]
[Black "Maghsoodloo,Parham"]
[Result "1/2-1/2"]
[WhiteElo "2666"]
[BlackElo "2708"]
[EventDate "2026.02.24"]

1. d4 Nf6 2. c4 g6 3. Nc3 Bg7 4. e4 d6 5. h3 O-O 6. Be3 Nc6 7. Qd2 a5 8.
Nf3 e5 9. O-O-O exd4 10. Nxd4 Re8 11. f3 a4 12. g4 Be6 13. Nxe6 Rxe6 14. a3
Nd7 15. Qc2 Nc5 16. Kb1 Nb3 17. Nb5 Nca5 18. h4 Rc8 19. Nc3 c6 20. c5 d5
21. Nxa4 Qf6 22. Be2 Qe5 23. g5 Rce8 24. Rhg1 Qh2 25. Rg4 dxe4 26. fxe4 Qh3
27. Bg1 h5 28. gxh6 f5 29. Rd3 Qh1 30. Rgg3 Rxe4 31. Bd1 Re1 32. hxg7 Rxg1
33. Rxg1 Qxg1 34. Ka2 Re3 35. Rxe3 Qxe3 36. Qg2 Qe6 37. Kb1 Nd4 38. Nc3 Nc4
39. Qg5 Kxg7 40. h5 Ne3 41. Qf4 Nb5 42. Nxb5 Nxd1 43. Nd6 Qe2 44. Qd4+ Kh7
45. Qf6 gxh5 46. Qxf5+ Kh6 47. Qf6+ Kh7 48. Qf7+ Kh6 49. Qf6+ Kh7 50. Qf7+
1/2-1/2

[Event "8th Prague Masters 2026"]
[Site "Prague CZE"]
[Date "2026.03.03"]
[Round "6"]
[White "Niemann,Hans Moke"]
[Black "Keymer,Vincent"]
[Result "1/2-1/2"]
[WhiteElo "2725"]
[BlackElo "2776"]
[EventDate "2026.02.24"]

1. e4 e5 2. Nf3 Nc6 3. Bc4 Nf6 4. d3 Bc5 5. c3 a5 6. O-O d6 7. Re1 h6 8.
Nbd2 O-O 9. Nf1 a4 10. Bb5 a3 11. b4 Bb6 12. Ng3 Ne7 13. d4 Ng6 14. Bd3 Bg4
15. d5 Nh4 16. Be2 Bxf3 17. Bxf3 Qd7 18. Qd3 c6 19. dxc6 Qxc6 20. Be3 Nxf3+
21. gxf3 Bxe3 22. Rxe3 g6 23. Rd1 Rfd8 24. Qd2 Nh7 25. h4 h5 26. Rd3 Qc4
27. Nf1 Qe6 28. Kg2 Rd7 29. c4 Qxc4 30. Ne3 Qe6 31. Nd5 Rad8 32. Nb6 Rc7
33. Rxa3 f5 34. Nd5 Rg7 35. exf5 gxf5+ 36. Kf1 f4 37. Rc3 Kh8 38. Ke2 Nf6
39. a4 e4 40. Nxf6 exf3+ 41. Kd3 Re7 42. Rc4 Qf5+ 43. Kc3 Re2 44. Qd3 Qxf6+
45. Qd4 Qxd4+ 46. Rcxd4 Rxf2 47. Rxf4 d5 48. Rd3 Rc8+ 49. Kb3 Rf1 50. Rdxf3
Rb1+ 51. Ka2 Rcc1 52. a5 Ra1+ 53. Kb3 Rcb1+ 54. Kc2 Rc1+ 55. Kd2 Rc7 56.
Rc3 Rg7 57. Rcf3 Rc7 58. Ke3 Ra3+ 59. Kf2 Ra2+ 60. Kg3 Rg7+ 61. Kh3 Ra1 62.
Rg3 Rb1 63. Rxg7 Kxg7 64. Kg3 Rb3+ 65. Kf2 Kg6 66. Ke2 Ra3 67. Kd2 b6 68.
axb6 Ra6 69. Kc3 Rxb6 70. Kb3 Rb8 71. Rf3 Rb7 72. Ka4 Rc7 73. Rf4 Rd7 74.
Kb3 Rb7 75. Rf8 Rd7 76. Rf4 Rb7 77. Rf1 Rb8 78. Ka4 Rc8 79. b5 Rc4+ 80. Ka5
Rxh4 81. b6 Re4 82. Rd1 Kg5 83. Rxd5+ Kg4 84. Rd8 Re7 85. Rg8+ Kf4 86. Rh8
Kg4 87. Ka6 h4 88. b7 Rxb7 89. Kxb7 h3 90. Kc6 Kg3 91. Kd5 h2 92. Ke4
1/2-1/2

[Event "8th Prague Masters 2026"]
[Site "Prague CZE"]
[Date "2026.03.03"]
[Round "6"]
[White "Gukesh,D"]
[Black "Aravindh,Chithambaram VR."]
[Result "0-1"]
[WhiteElo "2754"]
[BlackElo "2700"]
[EventDate "2026.02.24"]

1. e4 c5 2. Nf3 g6 3. c3 d5 4. Bb5+ Bd7 5. Bxd7+ Qxd7 6. e5 Nc6 7. d4 f6 8.
O-O fxe5 9. dxe5 Bg7 10. Re1 e6 11. c4 Nge7 12. Nc3 dxc4 13. Qxd7+ Kxd7 14.
Rd1+ Kc8 15. Ne4 b6 16. Nd6+ Kc7 17. Ng5 Bxe5 18. Ndf7 Bd4 19. Nxe6+ Kd7
20. Nxd4 cxd4 21. Nxh8 Rxh8 22. b3 c3 23. Be3 Nf5 24. Rac1 Ke6 25. Bxd4
Nfxd4 26. Re1+ Kd5 27. Rxc3 a5 28. h4 a4 29. Rd1 axb3 30. Rxb3 Rb8 31. h5
b5 32. hxg6 hxg6 33. Rg3 Kc4 34. Rc1+ Kb4 35. Rb1+ Ka4 36. Rb2 Ne5 37. f4
Nc4 38. Rf2 Re8 39. Kh2 Ne2 40. Rgf3 Ne3 41. Rxe2 Ng4+ 42. Kg3 Rxe2 43.
Kxg4 Rxg2+ 44. Kh4 b4 45. Re3 Rxa2 46. Rg3 Rf2 47. Rg4 Rf1 48. Kg5 Ka3 0-1

[Event "8th Prague Masters 2026"]
[Site "Prague CZE"]
[Date "2026.03.04"]
[Round "7"]
[White "Abdusattorov,Nodirbek"]
[Black "Van Foreest,Jorden"]
[Result "1/2-1/2"]
[WhiteElo "2751"]
[BlackElo "2705"]
[EventDate "2026.02.24"]

1. e4 c5 2. Nf3 Nc6 3. Nc3 g6 4. d4 cxd4 5. Nxd4 Bg7 6. Be3 Nf6 7. Bc4 O-O
8. Bb3 a5 9. O-O a4 10. Nxa4 Nxe4 11. Nb5 d5 12. Bb6 Qd7 13. Qe2 e6 14.
Rad1 Ne5 15. Bd4 Ra5 16. Nbc3 Nxc3 17. Bxc3 Qc7 18. Rfe1 Bd7 19. Bxa5 Qxa5
20. Nc3 b5 21. h3 Nc4 22. Nxd5 exd5 23. Rxd5 Nb6 24. Rd6 Bf5 25. c3 Nc4 26.
Bxc4 bxc4 27. Qxc4 Be6 28. Rdxe6 fxe6 29. Rxe6 Kh8 30. a4 Qf5 31. Qe2 Qb1+
32. Kh2 Qf5 33. Re4 h5 34. Kg1 Kh7 35. Qe1 Rf7 36. h4 Rd7 37. g3 Qf3 38.
Re3 Qg4 39. Qe2 Qxa4 40. Kg2 Qc6+ 41. Qf3 Qb5 42. Re6 Qxb2 43. Rxg6 Kxg6
44. Qc6+ Bf6 1/2-1/2

[Event "8th Prague Masters 2026"]
[Site "Prague CZE"]
[Date "2026.03.04"]
[Round "7"]
[White "Keymer,Vincent"]
[Black "Anton Guijarro,D"]
[Result "1-0"]
[WhiteElo "2776"]
[BlackElo "2666"]
[EventDate "2026.02.24"]

1. e4 e5 2. Nf3 Nc6 3. Bb5 Nf6 4. d3 Bc5 5. Bxc6 dxc6 6. O-O Bg4 7. h3 Bh5
8. g4 Nxg4 9. hxg4 Bxg4 10. Be3 Be7 11. Kg2 f5 12. Qe1 Bxf3+ 13. Kxf3 f4
14. Bd2 Qd6 15. Bc3 g5 16. Ke2 g4 17. f3 h5 18. Nd2 Qe6 19. Nc4 Bf6 20. Rh1
Kf7 21. Qf2 b6 22. a4 Rag8 23. Rag1 g3 24. Qg2 Qe7 25. Kf1 h4 26. Qh3 Rg5
27. Rg2 a6 28. Re2 b5 29. Na5 c5 30. Kg2 Qd6 31. Ra1 Be7 32. Nb3 Qc6 33.
Rd1 Qd6 34. Ree1 Qc6 35. Re2 Qd6 36. Nd2 c4 37. d4 exd4 38. e5 Qe6 39. Bxd4
Rd8 40. Ne4 Qxh3+ 41. Kxh3 Rg6 42. Red2 Ke6 43. Bc3 Rxd2 44. Rxd2 b4 45.
Bd4 a5 46. c3 Rg8 47. Re2 Rb8 48. Ba7 Rb7 49. Bc5 bxc3 50. bxc3 Bd8 51. Kg4
c6 52. Rd2 Rg7+ 53. Kxf4 Bc7 54. Bd4 h3 55. Nxg3 c5 56. Rh2 cxd4 57. cxd4
c3 58. Rxh3 c2 59. Rh1 Bd8 60. Nf5 Rg2 61. d5+ Kf7 62. e6+ Kf6 63. Ke4 Bb6
64. e7 Bc5 65. d6 Bxd6 66. e8=N+ Ke6 67. Nexd6 Rd2 68. Rc1 1-0

[Event "8th Prague Masters 2026"]
[Site "Prague CZE"]
[Date "2026.03.04"]
[Round "7"]
[White "Navara,D"]
[Black "Niemann,Hans Moke"]
[Result "1/2-1/2"]
[WhiteElo "2628"]
[BlackElo "2725"]
[EventDate "2026.02.24"]

1. d4 d5 2. c4 c6 3. Nc3 Nf6 4. e3 e6 5. Nf3 a6 6. b3 Bb4 7. Bd2 Nbd7 8.
Bd3 O-O 9. O-O Bd6 10. Qc2 e5 11. cxd5 cxd5 12. e4 dxe4 13. Nxe4 Nxe4 14.
Bxe4 h6 15. Bc3 exd4 16. Bh7+ Kh8 17. Bxd4 Nf6 18. Bf5 Bxf5 19. Qxf5 Re8
20. Rad1 Re6 21. Rfe1 Rxe1+ 22. Rxe1 Bf8 23. Bxf6 Qxf6 24. Qxf6 gxf6 25.
Rc1 Rd8 26. g3 Kg7 27. Kg2 Rd5 28. Rc7 b6 29. Rc6 Bc5 30. b4 Bxb4 31. Rxb6
a5 32. Rc6 f5 33. h3 Be7 34. Rc4 Bf6 35. a4 Kg6 36. Kf1 Rd1+ 37. Ke2 Ra1
38. Nh4+ Bxh4 39. Rxh4 Ra2+ 40. Ke3 Ra3+ 41. Ke2 Ra2+ 42. Ke3 1/2-1/2

[Event "8th Prague Masters 2026"]
[Site "Prague CZE"]
[Date "2026.03.04"]
[Round "7"]
[White "Aravindh,Chithambaram VR."]
[Black "Yakubboev,Nodirbek"]
[Result "1/2-1/2"]
[WhiteElo "2700"]
[BlackElo "2691"]
[EventDate "2026.02.24"]

1. e4 c5 2. Nf3 d6 3. d4 cxd4 4. Nxd4 Nf6 5. Nc3 a6 6. f3 e5 7. Nb3 Be6 8.
Be3 Be7 9. Qd2 Nbd7 10. g4 h6 11. O-O-O b5 12. Kb1 Qc7 13. a3 Nb6 14. Na5
Rc8 15. Qf2 Nfd7 16. Qd2 Nf6 17. Qf2 Rb8 18. Bxb6 Rxb6 19. Nd5 Nxd5 20.
exd5 Bd7 21. Qe1 h5 22. Be2 Qd8 23. h3 Kf8 24. f4 exf4 25. Bf3 hxg4 26.
hxg4 Rxh1 27. Qxh1 Bh4 28. Rd2 g6 29. g5 Qxg5 30. Rh2 Bg3 31. Rh8+ Ke7 32.
Nc6+ Bxc6 33. dxc6 Qc5 34. Bd5 Kf6 35. Rf8 b4 36. a4 Kg5 37. Rxf7 Rb8 38.
Qe4 Qe3 39. Qc4 b3 40. cxb3 Qg1+ 41. Ka2 Re8 42. Qc3 Re1 43. Qf6+ Kh6 44.
Qg7+ Kg5 45. Qf6+ Kh6 46. Qg7+ Kg5 47. Qf6+ Kh6 1/2-1/2

[Event "8th Prague Masters 2026"]
[Site "Prague CZE"]
[Date "2026.03.04"]
[Round "7"]
[White "Maghsoodloo,Parham"]
[Black "Gukesh,D"]
[Result "1/2-1/2"]
[WhiteElo "2708"]
[BlackElo "2754"]
[EventDate "2026.02.24"]

1. e4 e5 2. Nf3 Nc6 3. Bb5 Nf6 4. d3 Bc5 5. Bxc6 dxc6 6. O-O Nd7 7. Nbd2
O-O 8. a4 Re8 9. Nc4 a5 10. Be3 Bb4 11. Bd2 b6 12. h3 Bxd2 13. Nfxd2 Nf8
14. Qh5 Qf6 15. Kh2 g6 16. Qh6 Qg7 17. Qh4 Ne6 18. g3 Nc5 19. Ne3 f5 20.
exf5 Bxf5 21. Rae1 Be6 22. b3 Rf8 23. Ng4 Rae8 24. Qg5 Bf5 25. Qe3 Bxg4 26.
hxg4 Ne6 27. Nf3 c5 28. c3 Nd8 29. d4 Qf7 30. Nxe5 Qxb3 31. f4 cxd4 32.
cxd4 Qxa4 33. f5 Nf7 34. Kh3 Qb5 35. Qf4 Qd5 36. Nxf7 Qxf7 37. Re5 a4 38.
Qe3 b5 39. Rf4 Qd5 40. Qe1 Rxe5 41. dxe5 a3 42. e6 g5 43. Re4 a2 44. e7 Re8
45. Re6 b4 46. Qc1 Kf7 47. Qa1 Kg8 48. Qc1 Kf7 49. Qa1 Kg8 1/2-1/2

[Event "8th Prague Masters 2026"]
[Site "Prague CZE"]
[Date "2026.03.05"]
[Round "8"]
[White "Van Foreest,Jorden"]
[Black "Aravindh,Chithambaram VR."]
[Result "0-1"]
[WhiteElo "2705"]
[BlackElo "2700"]
[EventDate "2026.02.24"]

1. e4 c5 2. Nf3 Nc6 3. Nc3 Nf6 4. Bb5 Qc7 5. Bxc6 dxc6 6. d4 cxd4 7. Qxd4
Bg4 8. Qe5 Qd6 9. Qg3 Bxf3 10. Qxf3 e5 11. O-O Be7 12. Ne2 Qe6 13. Ng3 g6
14. Qb3 Qxb3 15. axb3 Bc5 16. Bg5 Nd7 17. Rfd1 f6 18. Bd2 Ke7 19. Ne2 Rhd8
20. Nc1 Bd6 21. b4 f5 22. Nb3 Nf6 23. exf5 gxf5 24. Na5 Rd7 25. Nc4 Bc7 26.
Re1 Ke6 27. Be3 e4 28. Bb6 Nd5 29. Bxc7 Rxc7 30. f3 Nxb4 31. Re2 b5 32. Na5
c5 33. fxe4 f4 34. Nb3 Rd8 35. c3 Nd3 36. Ra6+ Kf7 37. e5 Re7 38. e6+ Kf6
39. Nd2 Kf5 40. Nf3 Rd5 41. Rc6 Kf6 42. g4 fxg3 43. hxg3 a5 44. Kg2 a4 45.
Ra6 b4 46. cxb4 cxb4 47. Rxa4 Rxe6 48. Rxe6+ Kxe6 49. g4 Rd7 50. b3 Kd5 51.
Ra5+ Ke4 52. Kg3 Rb7 53. Rf5 Nc1 54. Rf4+ Ke3 55. Nd4 Kd3 56. Kh4 Rb6 57.
Rf1 Na2 58. Rf4 Nc3 59. Nf3 Ke3 60. Rf5 Rh6+ 61. Kg3 Ne2+ 0-1

[Event "8th Prague Masters 2026"]
[Site "Prague CZE"]
[Date "2026.03.05"]
[Round "8"]
[White "Gukesh,D"]
[Black "Keymer,Vincent"]
[Result "1/2-1/2"]
[WhiteElo "2754"]
[BlackElo "2776"]
[EventDate "2026.02.24"]

1. e4 e5 2. Nf3 Nc6 3. Bb5 a6 4. Ba4 Nf6 5. O-O Be7 6. Re1 b5 7. Bb3 O-O 8.
c3 d5 9. exd5 Nxd5 10. Nxe5 Nxe5 11. Rxe5 c6 12. d3 a5 13. Nd2 a4 14. Bc2
a3 15. Re1 b4 16. c4 Bf6 17. d4 Bxd4 18. cxd5 axb2 19. Bxb2 Bxb2 20. Bxh7+
Kxh7 21. Qc2+ Kg8 22. Qxb2 c5 23. Nc4 Ba6 24. Ne3 Bd3 25. Red1 Ra3 26. d6
Re8 27. Qxa3 bxa3 28. Rxd3 Qf6 29. Rad1 Qb2 30. R3d2 Qb5 31. h3 Rd8 32. Rc1
Qc6 33. Nc4 Qe4 34. Nxa3 Qf4 35. Rcd1 Qa4 36. Nb1 c4 37. d7 Kf8 38. Rd4
Qxa2 39. Rh4 Kg8 40. Nc3 Qa7 41. Rhd4 g6 42. h4 Kg7 43. g3 Qb7 44. Ne4 Qc6
45. Nc3 Qb7 46. Ne4 Qc6 47. Nc3 1/2-1/2

[Event "8th Prague Masters 2026"]
[Site "Prague CZE"]
[Date "2026.03.05"]
[Round "8"]
[White "Navara,D"]
[Black "Abdusattorov,Nodirbek"]
[Result "0-1"]
[WhiteElo "2628"]
[BlackElo "2751"]
[EventDate "2026.02.24"]

1. d4 Nf6 2. c4 e6 3. Nf3 d5 4. Nc3 dxc4 5. e4 b5 6. e5 Nd5 7. Nxb5 Nb6 8.
Be2 Nc6 9. Be3 Be7 10. Nc3 O-O 11. a3 Bb7 12. Qc2 Na5 13. h4 Nd5 14. Ng5 g6
15. Nxd5 Bxd5 16. Ne4 c5 17. dxc5 Nb3 18. Rd1 Bxe4 19. Qxe4 Qa5+ 20. Kf1
Rad8 21. Qxc4 Rxd1+ 22. Bxd1 Nd2+ 23. Bxd2 Qxd2 24. Qc2 Qd4 25. c6 Rb8 26.
b4 Rd8 27. c7 Rc8 28. g3 Qxe5 29. Qe2 Qxc7 30. Kg2 Bf6 31. h5 Bd4 32. Qe4
Qc6 33. Re1 Kg7 34. Qxc6 Rxc6 35. Re2 Rc3 36. a4 Ra3 37. hxg6 hxg6 38. f4
Bc3 39. b5 Ba5 40. Rb2 Rd3 41. Bf3 Kf6 42. Rc2 Ra3 43. Rc8 Bb6 44. Rb8 Kf5
45. Rf8 Kf6 46. Rb8 e5 47. fxe5+ Kxe5 48. Re8+ Kd6 49. Bd1 Kd7 50. Re4 f5
51. Rc4 Ra2+ 52. Bc2 Ke6 53. g4 Kd5 54. Rc3 Kd4 55. Rc6 Bc5 56. Rxg6 Rxc2+
57. Kg3 fxg4 58. a5 Rb2 59. Rxg4+ Kc3 60. b6 Bxb6 61. axb6 axb6 62. Rf4 b5
63. Rf3+ Kb4 64. Kf4 Re2 0-1

[Event "8th Prague Masters 2026"]
[Site "Prague CZE"]
[Date "2026.03.05"]
[Round "8"]
[White "Yakubboev,Nodirbek"]
[Black "Maghsoodloo,Parham"]
[Result "1/2-1/2"]
[WhiteElo "2691"]
[BlackElo "2708"]
[EventDate "2026.02.24"]

1. e4 c6 2. d4 d5 3. exd5 cxd5 4. Bd3 Nc6 5. c3 Nf6 6. h3 g6 7. Nf3 Bf5 8.
Be2 Qc7 9. O-O h6 10. Re1 e6 11. c4 Bg7 12. c5 O-O 13. Nc3 a6 14. Be3 Rad8
15. a3 Rfe8 16. b4 Ne4 17. Na4 g5 18. Rc1 Bg6 19. b5 axb5 20. Bxb5 Bh5 21.
g4 Bg6 22. Nb2 f6 23. Nd3 e5 24. Nb4 Bf7 25. Bd3 f5 26. Nxc6 bxc6 27. dxe5
Bxe5 28. Nxe5 Qxe5 29. gxf5 Qxf5 30. Qg4 Qxg4+ 31. hxg4 d4 32. f3 Nxc5 33.
Rxc5 Rxe3 34. Rxe3 dxe3 35. Rc3 Rb8 1/2-1/2

[Event "8th Prague Masters 2026"]
[Site "Prague CZE"]
[Date "2026.03.05"]
[Round "8"]
[White "Niemann,Hans Moke"]
[Black "Anton Guijarro,D"]
[Result "1-0"]
[WhiteElo "2725"]
[BlackElo "2666"]
[EventDate "2026.02.24"]

1. e4 e5 2. Nf3 Nc6 3. Bc4 Bc5 4. c3 Nf6 5. d3 d6 6. a4 a5 7. Bg5 h6 8. Bh4
Ba7 9. Nbd2 Qe7 10. O-O g5 11. Bg3 Nd7 12. Kh1 Nf8 13. Qb3 Ng6 14. Ng1 h5
15. f3 Kf8 16. Bf2 Kg7 17. Rae1 Qf6 18. Bxa7 Rxa7 19. Rf2 Nce7 20. Nf1 Bd7
21. Ne3 c6 22. Qd1 b5 23. Ba2 b4 24. d4 bxc3 25. bxc3 Be6 26. Bxe6 Qxe6 27.
Rd2 Rb7 28. dxe5 dxe5 29. c4 Rhb8 30. Rd6 Qc8 31. Nh3 f6 32. Nf2 Nf4 33.
Nd3 c5 34. g4 Rb6 35. Nxf4 gxf4 36. Nf5+ Nxf5 37. gxf5 Rxd6 38. Qxd6 Qf8
39. Rg1+ Kh8 40. Qc7 Rc8 41. Qxa5 Qd6 42. Qa7 Rg8 43. Rxg8+ Kxg8 44. Qa8+
Kg7 45. Qb7+ Kh6 46. Qd5 Qf8 47. a5 Kg5 48. a6 Qe7 49. Qd2 Qa7 50. Kg2 Qxa6
51. Kh3 Kh6 52. Qg2 Kh7 53. Qg6+ Kh8 54. Qxh5+ Kg7 55. Qg6+ Kf8 56. Kg4
Qxc4 57. Qxf6+ Qf7 58. Qxe5 c4 59. Kxf4 1-0

[Event "8th Prague Masters 2026"]
[Site "Prague CZE"]
[Date "2026.03.06"]
[Round "9"]
[White "Abdusattorov,Nodirbek"]
[Black "Niemann,Hans Moke"]
[Result "1/2-1/2"]
[WhiteElo "2751"]
[BlackElo "2725"]
[EventDate "2026.02.24"]

1. e4 c5 2. Nf3 d6 3. d4 cxd4 4. Nxd4 Nf6 5. Nc3 a6 6. Be3 e5 7. Nf3 Be7 8.
Bc4 O-O 9. O-O Be6 10. Bb3 b5 11. Qd3 Qc8 12. Nh4 Nbd7 13. Nf5 Bxf5 14.
exf5 Nc5 15. Bxc5 dxc5 16. Nd5 Ra7 17. c3 c4 18. Nxf6+ Bxf6 19. Qe3 Re7 20.
Bc2 e4 21. Bxe4 Rfe8 22. f3 Qxf5 23. Bxf5 Rxe3 24. Be4 Re2 25. Rf2 Rxf2 26.
Kxf2 b4 27. Rd1 bxc3 28. bxc3 Kf8 29. Bd5 Rd8 30. Ke2 Re8+ 31. Kf1 Rd8 32.
Ke2 Re8+ 33. Kf1 Rd8 34. Ke2 1/2-1/2

[Event "8th Prague Masters 2026"]
[Site "Prague CZE"]
[Date "2026.03.06"]
[Round "9"]
[White "Maghsoodloo,Parham"]
[Black "Van Foreest,Jorden"]
[Result "1-0"]
[WhiteElo "2708"]
[BlackElo "2705"]
[EventDate "2026.02.24"]

1. d4 d5 2. Nf3 Nf6 3. g3 c5 4. Bg2 cxd4 5. O-O g6 6. Qxd4 Bg7 7. Rd1 O-O
8. Nc3 Nc6 9. Qa4 Qb6 10. Nxd5 Nxd5 11. Rxd5 Bf5 12. c3 Rad8 13. Ne1 Ne5
14. Qb3 Qa6 15. Rxd8 Rxd8 16. Bf1 Be6 17. Qc2 Bxa2 18. Bf4 Qe6 19. Qa4 Bd5
20. Qxa7 Nc4 21. Nd3 Bc6 22. f3 h6 23. Rd1 g5 24. Bc1 Ne5 25. Qe3 Qb3 26.
Rd2 Nc4 27. Nc5 Nxd2 28. Nxb3 Nxb3 29. Qb6 Rd1 30. Be3 Na1 31. Kf2 Nc2 32.
Bc5 Bf6 33. Qb3 Rd2 34. Bh3 Bd5 35. Qb6 Bc4 36. Bf1 Rd5 37. Qc7 e6 38. Qc8+
Kh7 39. Bb6 Ba6 40. b4 Na3 41. Qf8 Rd7 42. Bd4 Bxd4+ 43. cxd4 Rc7 44. d5
Bc4 45. Qd8 1-0

[Event "8th Prague Masters 2026"]
[Site "Prague CZE"]
[Date "2026.03.06"]
[Round "9"]
[White "Aravindh,Chithambaram VR."]
[Black "Navara,D"]
[Result "*"]
[WhiteElo "2700"]
[BlackElo "2628"]
[EventDate "2026.02.24"]

1. e4 e5 2. Nf3 Nc6 3. Bc4 Bc5 4. c3 Nf6 5. d3 d6 6. Bg5 a6 7. Nbd2 h6 8.
Bh4 Ba7 9. O-O Qe7 10. b4 g5 11. Bg3 Nh7 12. b5 axb5 13. Bxb5 O-O 14. a4 f5
15. exf5 Qg7 16. a5 h5 17. h4 g4 18. f6 Rxf6 19. Ng5 Nxg5 20. hxg5 Rf5 21.
a6 Qxg5 22. Ra4 Rf8 23. Rc4 Na5 24. Rxc7 bxa6 25. Bd7 Bxd7 26. Rxd7 h4 27.
Bh2 g3 28. Ne4 gxh2+ 29. Kh1 Qf5 30. Rxd6 Nb7 *

[Event "8th Prague Masters 2026"]
[Site "Prague CZE"]
[Date "2026.03.06"]
[Round "9"]
[White "Keymer,Vincent"]
[Black "Yakubboev,Nodirbek"]
[Result "*"]
[WhiteElo "2776"]
[BlackElo "2691"]
[EventDate "2026.02.24"]

1. Nf3 d5 2. g3 Nf6 3. Bg2 e6 4. O-O Be7 5. d4 O-O 6. c4 dxc4 7. Qc2 b5 8.
a4 b4 9. Nfd2 Nd5 10. Nxc4 c5 11. dxc5 Bxc5 12. e4 Nb6 13. Na5 N8d7 14. Qe2
Ne5 15. Nd2 Nbd7 16. Nab3 a5 17. Nxc5 Nxc5 18. Qh5 Ned3 19. Nf3 Nb3 20. Be3
Nxa1 21. Rxa1 Bb7 22. Nd4 Rc8 23. Qb5 Nc5 24. Nxe6 Nxe6 25. Qxb7 Rc2 26.
Rb1 Qf6 27. b3 Nd4 28. Qa7 Ne2+ 29. Kh1 Rb2 30. Rf1 Qe5 31. Bf3 h6 32. Kg2
Nc3 33. Bd4 Qe6 34. Qxa5 Rxb3 35. e5 *

[Event "8th Prague Masters 2026"]
[Site "Prague CZE"]
[Date "2026.03.06"]
[Round "9"]
[White "Anton Guijarro,D"]
[Black "Gukesh,D"]
[Result "*"]
[WhiteElo "2666"]
[BlackElo "2754"]
[EventDate "2026.02.24"]

1. d4 Nf6 2. c4 e6 3. Nf3 d5 4. Nc3 Nbd7 5. cxd5 exd5 6. Qc2 Bb4 7. Bf4 Ne4
8. e3 g5 9. Be5 Rg8 10. h3 Nxe5 11. Nxe5 Qe7 12. Bb5+ Kf8 13. Bd3 f6 14.
Bxe4 dxe4 15. Nc4 Be6 16. Nd2 f5 17. a3 Ba5 18. f3 exf3 19. Nxf3 Kg7 20.
O-O Kh8 21. Ne5 c6 22. Na4 Raf8 23. Nc5 Bc8 24. e4 f4 25. b4 Bc7 26. Qc3
Qg7 27. Ra2 Rd8 28. Ncd3 Rd6 29. Rc2 Bb6 30. Nc5 Bd8 31. Rd2 Bf6 32. Nf3
Be7 33. Ne5 b6 34. Ncd3 Ba6 35. Rfd1 h5 36. Nf2 Rh6 37. Qb3 Kh7 38. Qf7 *